Desing ideas for weldments A serie of reference case histories presenting desing ideas for the efficient use of steel
Gardado en:
| Formato: | Libro |
|---|---|
| Idioma: | English |
| Publicado: |
Cleveland,Ohio: The James F. Lincoln Arc Welding Foundation
1963
|
| Materias: | |
| Etiquetas: |
Engadir etiqueta
Sen Etiquetas, Sexa o primeiro en etiquetar este rexistro!
|
MARC
| LEADER | 00000nam a2200000Ia 4500 | ||
|---|---|---|---|
| 003 | 003367 | ||
| 005 | 20221231143958.0 | ||
| 008 | 140114s1963 ohua 000 ||eng d | ||
| 040 | |c cru CEDI | ||
| 082 | |a 671.52 D457d | ||
| 245 | |a Desing ideas for weldments |b A serie of reference case histories presenting desing ideas for the efficient use of steel | ||
| 260 | |a Cleveland,Ohio: The James F. Lincoln Arc Welding Foundation |c 1963 | ||
| 300 | |a 153 páginas: ilustraciones | ||
| 650 | |x SOLDADURA |9 21819 | ||
| 942 | |2 ddc |c BK | ||
| 999 | |c 15112 |d 15112 | ||
